000 00965nam a2200277 i 4500
001 17459
003 ES-MaACL
005 20250827062542.0
007 t|
008 010312s2000 sp ||||1| spa d
020 _a84-7476-293-6
080 _a314.144(460.244 Z.-212)
080 _a316.6:61
100 1 _aGil Lacruz, Marta.
_956830
245 1 0 _aSalud y fuentes de apoyo social
_b: análisis de una comunidad /
_cMarta Gil Lacruz.
250 _a1ª ed.
260 _aMadrid :
_bCentro de Investigaciones Sociológicas ;
_aSiglo XXI de España,
_c2000.
300 _aXIV, 269 p. ;
_c21 cm.
490 1 _aMonografías ;
_v172
650 1 4 _aSalud-
_zCasablanca (Zaragoza)
_916970
650 7 _aMedicina social
_2embne
_914940
710 2 _aCentro de Investigaciones Sociológicas (España)
_92708
830 0 0 _aMonografías (Centro de Estudios Benaventanos "Ledo del Pozo")
_v172
_9177262
852 _aES-MaACL
_jL-24380
_bR.129028
999 _c17459
_d17459